000 00502nam a22001697a 4500
005 20150324150423.0
008 150324b xxu||||| |||| 00| 0 eng d
020 _a9698793631
040 _cPK-LaUMT
082 _aKHC 297.8
_bSAE-U
100 _aسعیداحمد اکبر
245 _aعلمائے حق کا سیاسی موقف
_cسعیداحمد اکبر
260 _aلاہور
_bجمیعۃ پبلیکیشنز
_c2007
300 _a239 ص
700 _aابوسلمان (تدوین
942 _cBK
999 _c68109
_d68109